Guía de las Organizaciones de la Sociedad Cilvil del Ámbito de la Salud 2007 / (Registro nro. 241)

Detalles MARC
000 -LEADER
fixed length control field 00998 am a2200277 a 4500
005 - FECHA ULTIMA MODIFICACION
control field 20240517133323.0
008 - CAMPO DE CONTROL (LIBRO)
fixed length control field 100407s2007||||ag ||||g |||| 000 0 spa d
020 ## - INTERNATIONAL STANDARD BOOK NUMBER
ISBN 9789879752449
041 ## - CODIGO DE IDIOMA
Código de idioma del texto/pista de sonido o título separado spa
092 ## - SIGNATURA TOPOGRAFICA DEWEY LOCAL
número de clasificación 060
libristica 31
sección GUI
110 1# - ENTRADA PRINCIPAL-AUTOR CORPORATIVO
Nombre de la institución, jurisdicción como entrada principal Argentina. Ministerio de Salud de la Nación.
9 (RLIN) 281
245 ## - TITULO PROPIAMENTE DICHO
Título Guía de las Organizaciones de la Sociedad Cilvil del Ámbito de la Salud 2007 /
Mención de responsabilidad y remanente de la transcripción de la portada Ministerio de Salud de la Nación.
250 ## - MENCION DE EDICION
Mención de edición 1a ed.
260 ## - PIE DE IMPRENTA
Lugar de publicación, distribución, etc Buenos Aires:
Nombre de la editorial, distribuidor, etc Foro del Sector Social;
Fecha de publicación 2007.
300 ## - DESCRIPCION FISICA
Extension 537 p.
500 ## - NOTA GENERAL
Nota general Argentina. Ministerio de Salud de la Nación. (2007). Guía de las Organizaciones de la Sociedad Civil del Ámbito de la Salud 2007. (1a ed.). Buenos Aires : Foro del Sector Social.
653 ## - TÉRMINO INDIZADO - PALABRAS CLAVES
Palabra clave Organizaciones civiles
653 ## - TÉRMINO INDIZADO - PALABRAS CLAVES
Palabra clave Atención Primaria de la Salud
653 ## - TÉRMINO INDIZADO - PALABRAS CLAVES
Palabra clave Adicciones
653 ## - TÉRMINO INDIZADO - PALABRAS CLAVES
Palabra clave Maternidad e infancia
653 ## - TÉRMINO INDIZADO - PALABRAS CLAVES
Palabra clave Oncología
653 ## - TÉRMINO INDIZADO - PALABRAS CLAVES
Palabra clave Salud mental
653 ## - TÉRMINO INDIZADO - PALABRAS CLAVES
Palabra clave VIH Sida
930 ## - NUMERO DE INVENTARIO
Número de inventario 1843
942 ## - ADDED ENTRY ELEMENTS (KOHA)
Source of classification or shelving scheme Dewey Decimal Classification
Item type Libros
Existencias
Estado de retiro Existencia Estado general No para prestamo Ubicación permanente ubicación actual Sala de ubicación Fecha de adquisición Total Checkouts Número de clasificación Código de barras Date last seen Número de ejemplar Price effective from Koha tipo de elemento (item)
        Biblioteca Medicina Biblioteca Medicina Circulación 13/05/2011   060 31 GUI 1843 06/11/2014 ej.1 13/05/2011 Libros

UNIVERSIDAD NACIONAL DEL COMAHUE
Biblioteca de la Facultad de Ciencias Médicas
Sede Toschi: Los Arrayanes y Av. Toschi, Cipolletti  - Rio Negro
Sede Los Tordos:  Yrigoyen al 2211, Cipolletti - Rio Negro 

Teléfono: 0299 - 4774707 int 25
Contacto: biblioteca@facimed.uncoma.edu.ar
© 2011 - 2026